000 00600nam a2200193Ia 4500
008 151121s9999||||xx |||||||||||||| ||und||
082 _a /विधाते
082 _bHNW-61169
100 _aविधाते काका
245 _aरक्कासा
260 _b"साके त प्रकाशन, औरंगाबाद।"
260 _c--
300 _a251
600 _aविधाते काका
630 _aरक्कासा
700 _aविधाते काका
730 _aरक्कासा
942 _cBOOK
999 _c1242715
_d1242712